000 01105cam a2200301 i 4500
001 768714001
003 CO-MdFUSB
005 20241204154632.0
007 ta
008 241203t2010 -at||||| |||| 00| 0 spa d
020 _a978-1482629279
040 _cCO-MdFUSB
041 _aspa
082 0 4 _223
_a236
_bA174f
100 1 _aAcevedo, Gustavo E.
_eautor
245 1 0 _aEl fin del mundo
_c/ Gustavo E. Acevedo
264 1 _bFount Paperbacks,
_aAustralia :
_c[2010]
264 4 _c©2010
300 _a195 páginas
336 _atexto
_btxt
_2rdacontent
337 _2rdamedia
_asin mediación
_bn
338 _2rdacarrier
_avolumen
_bnc
505 _aMinisterio de la vida de nuestro Señor Jesucristo -- El periodo de la iglesia -- El arrebatamiento de la iglesia -- Eventos de la iglesia reunida con Cristo -- La tribulación (42 meses) -- La gran tribulación (42 semanas) -- Segunda venida de Cristo -- El reino milenial -- El juicio del Gran Trono Blanco -- Cielos nuevos y tierra nueva -- La eternidad
563 _aRustico
653 _aEscatología
942 _cBK
945 _aMiguel
999 _c33180
_d33180